Central Library OPAC University of Rajshahi

مقالات شبلى / Muqālāt-i Shiblī / (Record no. 83386)

MARC details
000 -LEADER
fixed length control field 01004cam a22002297a 4500
001 - CONTROL NUMBER
control field 83386)
003 - CONTROL NUMBER IDENTIFIER
rucl marc code BD-RjUL
005 - DATE AND TIME OF LATEST TRANSACTION
control field 20240318135920.0
008 - FIXED-LENGTH DATA ELEMENTS--GENERAL INFORMATION
fixed length control field 240319m1926 pk a 000 0 urd
035 ## - SYSTEM CONTROL NUMBER
System control number (BD-RjUL)83386)
040 ## - CATALOGING SOURCE
Original cataloging agency DLC
Transcribing agency DLC
Modifying agency DLC
Language of cataloging eng
041 ## - LANGUAGE CODE
Language code of text/sound track or separate title urd
082 ## - DEWEY DECIMAL CLASSIFICATION NUMBER
Edition number 23
Classification number 891.4391
Author mark and year NUM 1926
100 0# - MAIN ENTRY--PERSONAL NAME
Personal name Nuʻmānī,Shiblīنعمانى, شبلى
Dates associated with a name 1857-1914.
9 (RLIN) 759
245 10 - TITLE STATEMENT
Title مقالات شبلى / Muqālāt-i Shiblī /
Statement of responsibility, etc. Maulānā Shiblī Nuʻmānī raḥmatulláh ;; .مولانا شبلى نعمانى رحمت‌الله علىه.,، ,
260 ## - PUBLICATION, DISTRIBUTION, ETC. (IMPRINT)
Place of publication, distribution, etc. Lahore :
Name of publisher, distributor, etc. M. Sanaullah khan ind,
Date of publication, distribution, etc. 1926
300 ## - PHYSICAL DESCRIPTION
Pagination 264 p. ;
Size 18 cm.
500 ## - GENERAL NOTE
General note Essays.
942 ## - ADDED ENTRY ELEMENTS (KOHA)
Source of classification or shelving scheme Dewey Decimal Classification
Koha item type Books
Holdings
Lost status Source of classification or shelving scheme Damaged status Not for loan Collection code Permanent Location Current Location Shelving location Date acquired Total Checkouts Full call number Date last seen Copy number Koha item type
  Dewey Decimal Classification   Not For Loan Non-fiction Central Library, University of Rajshahi Central Library, University of Rajshahi Reading Room 18/03/2024   U 891.4391 NUM 1926 18/03/2024 C-1 Books